[Event "Olomouc 2010 - Open Olomouc"]
[Site "Olomouc (CZE), Hotel Sigma"]
[Date "2010.08.07"]
[Round "3"]
[White "Schmid, Thomas"]
[Black "Ptacnikova, Lenka"]
[Result "1/2-1/2"]
[WhiteElo "2166"]
[BlackElo "2262"]
[PlyCount "82"]
[EventDate "2010.08.05"]

1. e4 c5 2. Nf3 e6 3. b3 Nc6 4. Bb2 a6 5. c4 d6 6. d4 cxd4 7. Nxd4 Nge7 8. Be2
Ng6 9. g3 Qc7 10. h4 h6 11. Nc2 b6 12. Ne3 Bb7 13. Qd2 Nce5 14. Nc3 Nd7 15. h5
Nge5 16. f4 Nc6 17. Bf3 Nc5 18. Nc2 Be7 19. Nd4 Nb4 20. Be2 Nxe4 21. Nxe4 Bxe4
22. O-O Nc6 23. Qe3 d5 24. cxd5 Bxd5 25. Nxc6 Qxc6 26. Bxg7 Rg8 27. Bd4 Bh4 28.
g4 Qc2 29. g5 hxg5 30. f5 Qe4 31. Qxe4 Bxe4 32. h6 O-O-O 33. h7 Rge8 34. Bxa6+
Kb8 35. h8=Q Rxh8 36. Bxh8 Rd2 37. Rfc1 Rg2+ 38. Kf1 Rf2+ 39. Kg1 Rg2+ 40. Kf1
Rf2+ 41. Kg1 Rg2+ 1/2-1/2

[Event "Olomouc 2010 - Open Olomouc"]
[Site "Olomouc (CZE), Hotel Sigma"]
[Date "2010.08.08"]
[Round "4.1"]
[White "Pozin, Sergey"]
[Black "Oresky, Jan"]
[Result "1-0"]
[WhiteElo "2414"]
[BlackElo "2209"]
[PlyCount "77"]
[EventDate "2010.08.05"]

1. d4 d5 2. Nf3 Nf6 3. Bf4 g6 4. e3 Bg7 5. Bd3 O-O 6. Nbd2 c5 7. c3 b6 8. Qe2
Bb7 9. h4 Nbd7 10. h5 Nxh5 11. Rxh5 gxh5 12. Ng5 Nf6 13. Be5 h6 14. Nh3 Ng4 15.
Bxg7 Kxg7 16. Nf4 Nf6 17. Nxh5+ Nxh5 18. Qg4+ Kh8 19. Qxh5 Qd6 20. Nf3 Qf6 21.
Ne5 Kg7 22. f4 Rad8 23. Kf2 Bc8 24. g4 Rg8 25. Rh1 Rd6 26. Bg6 Qxg6 27. Nxg6
Rxg6 28. Qe5+ Kf8 29. Qxd5 Bxg4 30. Qd8+ Kg7 31. Qxe7 Re6 32. Qc7 cxd4 33. cxd4
Rge8 34. Qc3 Rd6 35. Rc1 Re7 36. d5+ Kg6 37. Qd3+ f5 38. Rc6 Red7 39. Qc3 1-0

[Event "Olomouc 2010 - Open Olomouc"]
[Site "Olomouc (CZE), Hotel Sigma"]
[Date "2010.08.08"]
[Round "4.2"]
[White "Savitskiy, Sergey"]
[Black "Castaldo, Folco"]
[Result "0-1"]
[WhiteElo "2245"]
[BlackElo "2403"]
[PlyCount "122"]
[EventDate "2010.08.05"]

1. e4 c5 2. Nf3 g6 3. d4 cxd4 4. Qxd4 Nf6 5. e5 Nc6 6. Qa4 Nd5 7. Qe4 Nb6 8.
Nc3 Bg7 9. Bf4 d5 10. exd6 O-O 11. O-O-O exd6 12. Rxd6 Bd7 13. Bb5 Re8 14. Qd3
Qc8 15. Bxc6 Bxc6 16. Rd1 Qg4 17. Bg3 Rac8 18. h3 Qb4 19. a3 Qa5 20. Nd4 Bxg2
21. Qb5 Qxb5 22. Ndxb5 Nc4 23. R6d3 a6 24. Nd6 Nxd6 25. Bxd6 Bxc3 26. bxc3 Rc4
27. Rg3 Bc6 28. Rd4 Bb5 29. Rxc4 Bxc4 30. Rg4 Be6 31. Re4 f6 32. h4 Kf7 33. Bf4
Rc8 34. Kd2 Rc5 35. Rb4 Bd5 36. Rd4 Ke6 37. Kd3 Ra5 38. Bc1 Bc6 39. c4 Rf5 40.
Be3 Ra5 41. Bc1 Rh5 42. Rg4 f5 43. Rg3 Rxh4 44. Bg5 Rh1 45. Re3+ Be4+ 46. Kd4
h6 47. Bf4 g5 48. Bb8 Rf1 49. Rh3 Rh1 50. Bh2 Rd1+ 51. Ke3 Bxc2 52. Rxh6+ Kf7
53. Rh7+ Kg6 54. Rxb7 f4+ 55. Bxf4 Rd3+ 56. Ke2 gxf4 57. f3 Rxa3 58. c5 Rc3 59.
Kd2 Rxc5 60. Rb6+ Kg5 61. Rxa6 Kh4 0-1

[Event "Olomouc 2010 - Open Olomouc"]
[Site "Olomouc (CZE), Hotel Sigma"]
[Date "2010.08.08"]
[Round "4.3"]
[White "Weber, Martin"]
[Black "Juptner, Jan"]
[Result "0-1"]
[WhiteElo "2136"]
[BlackElo "2283"]
[PlyCount "106"]
[EventDate "2010.08.05"]

1. e4 c5 2. Nc3 Nc6 3. f4 e6 4. Nf3 d5 5. d3 Be7 6. g3 Nf6 7. Bg2 dxe4 8. Nxe4
Qc7 9. O-O b6 10. Bd2 O-O 11. Nxf6+ Bxf6 12. Bc3 Bxc3 13. bxc3 Bb7 14. Ng5 Ne7
15. Ne4 c4 16. Qe2 cxd3 17. cxd3 Rac8 18. Rac1 Rfd8 19. Rfd1 Nf5 20. d4 Bd5 21.
Re1 Qc4 22. Qxc4 Rxc4 23. Nd2 Ra4 24. Bxd5 Rxd5 25. Rc2 h5 26. Kf2 Rda5 27. Ra1
f6 28. Nb3 Rd5 29. Re1 Kf7 30. Rce2 Rc4 31. Rc1 a5 32. Nd2 Rc6 33. Ree1 Rb5 34.
Nf3 Rc4 35. Ke2 Rb2+ 36. Kd3 Ra4 37. h3 Nxg3 38. Nd2 Raxa2 39. Nc4 Rf2 40. Nxb6
Rad2+ 41. Kc4 Rxf4 42. Kb5 Ne2 43. Nc4 Ra2 44. d5 exd5 45. Nd6+ Kg6 46. Ra1
Nxc3+ 47. Kc6 Rxa1 48. Rxa1 a4 49. Rg1+ Kh7 50. Kd7 a3 51. Ne8 g5 52. Ke6 Kg6
53. h4 Re4+ 0-1

[Event "Olomouc 2010 - Open Olomouc"]
[Site "Olomouc (CZE), Hotel Sigma"]
[Date "2010.08.08"]
[Round "4.5"]
[White "Zilka, Stepan"]
[Black "Bugalski, Michal"]
[Result "1-0"]
[WhiteElo "2493"]
[BlackElo "2252"]
[PlyCount "65"]
[EventDate "2010.08.05"]

1. d4 Nf6 2. c4 e6 3. Nc3 Bb4 4. e3 O-O 5. Bd3 d5 6. Nf3 c5 7. O-O Nc6 8. a3
Bxc3 9. bxc3 dxc4 10. Bxc4 Qc7 11. Bb2 e5 12. h3 Bf5 13. Qe2 Rfe8 14. Rfd1 Rad8
15. d5 Na5 16. Bb5 Bd7 17. Bxd7 Nxd7 18. c4 b6 19. a4 Nb7 20. Nd2 Nd6 21. Nb1
e4 22. a5 Ne5 23. Bxe5 Rxe5 24. axb6 axb6 25. Nc3 Nf5 26. Nb5 Qe7 27. Na7 Nh4
28. Nc6 Nf3+ 29. gxf3 Rg5+ 30. Kf1 Qd7 31. f4 Qxh3+ 32. Ke1 Rg1+ 33. Kd2 1-0

[Event "Olomouc 2010 - Open Olomouc"]
[Site "Olomouc (CZE), Hotel Sigma"]
[Date "2010.08.08"]
[Round "4.8"]
[White "Suder, Ryszard"]
[Black "Malinovsky-Jun., Karel"]
[Result "1/2-1/2"]
[WhiteElo "2210"]
[BlackElo "2348"]
[PlyCount "53"]
[EventDate "2010.08.05"]

1. Nf3 Nf6 2. g3 d5 3. Bg2 e6 4. O-O Be7 5. d4 O-O 6. c4 dxc4 7. Qc2 a6 8. a4
Bd7 9. Qxc4 Bc6 10. Bg5 a5 11. Nc3 Na6 12. Ne5 Bxg2 13. Kxg2 c6 14. Rad1 Nd5
15. Bxe7 Qxe7 16. e4 Nb6 17. Qe2 Rfd8 18. Nc4 Nxc4 19. Qxc4 Nb4 20. Rd2 b6 21.
Rfd1 Qb7 22. Qe2 Rd7 23. f3 Qa6 24. Qxa6 Nxa6 25. Kf2 Rad8 26. Ke3 f6 27. g4
1/2-1/2

[Event "Olomouc 2010 - Open Olomouc"]
[Site "Olomouc (CZE), Hotel Sigma"]
[Date "2010.08.08"]
[Round "4.11"]
[White "Groetz, Harald"]
[Black "Gagliardi, Christian"]
[Result "1-0"]
[WhiteElo "2315"]
[BlackElo "2200"]
[PlyCount "59"]
[EventDate "2010.08.05"]

1. e4 c5 2. Nf3 Nc6 3. d4 cxd4 4. Nxd4 Nf6 5. Nc3 e5 6. Ndb5 d6 7. Bg5 a6 8.
Na3 b5 9. Nd5 Be7 10. Bxf6 Bxf6 11. c3 Bg5 12. Nc2 O-O 13. a4 bxa4 14. Rxa4 a5
15. Bc4 Rb8 16. Ra2 Kh8 17. Nce3 g6 18. h4 Bxh4 19. g3 Bg5 20. f4 exf4 21. gxf4
Bh4+ 22. Kf1 Ne7 23. Qd4+ Kg8 24. b3 Nxd5 25. Nxd5 Be6 26. Rah2 Bxd5 27. Qxd5
Bf6 28. Rxh7 Qe7 29. e5 dxe5 30. Qe4 1-0

[Event "Olomouc 2010 - Open Olomouc"]
[Site "Olomouc (CZE), Hotel Sigma"]
[Date "2010.08.08"]
[Round "4.12"]
[White "Krejci-Sen., Jan"]
[Black "Charochkina, Daria"]
[Result "1-0"]
[WhiteElo "2164"]
[BlackElo "2298"]
[PlyCount "103"]
[EventDate "2010.08.05"]

1. Nf3 d5 2. d4 Nf6 3. Bf4 g6 4. e3 Bg7 5. h3 O-O 6. Bd3 c5 7. c3 Nc6 8. Nbd2
Nd7 9. O-O e5 10. dxe5 Ndxe5 11. Bc2 Qb6 12. Rb1 Be6 13. Nxe5 Nxe5 14. Nf3 Nc4
15. Bd3 Rad8 16. Qe2 Rfe8 17. Ng5 Bf5 18. Bxf5 gxf5 19. Rfd1 Qg6 20. Nf3 Bf6
21. Qc2 Kh8 22. Qa4 Rg8 23. Ne1 Qh5 24. Kf1 a6 25. Qc2 b5 26. Qe2 Qg6 27. Qf3
d4 28. cxd4 cxd4 29. b3 Na3 30. Rbc1 b4 31. exd4 Nb5 32. d5 Nd4 33. Qg3 Qh5 34.
Qd3 Rxd5 35. Qxa6 Qg6 36. Rc8 Rxc8 37. Qxc8+ Rd8 38. Qc5 Bg7 39. Be5 Qa6+ 40.
Rd3 Ne6 41. Bxg7+ Kxg7 42. Qxf5 Rd4 43. Kg1 Rf4 44. Qe5+ Kf8 45. g3 Rxf2 46.
Kxf2 Qxa2+ 47. Qe2 Qa1 48. Re3 Qf6+ 49. Kg2 Qg5 50. Kh2 h5 51. Re5 Qf6 52. Rxe6
1-0

[Event "Olomouc 2010 - Open Olomouc"]
[Site "Olomouc (CZE), Hotel Sigma"]
[Date "2010.08.08"]
[Round "4.14"]
[White "Stolarczyk, Anna"]
[Black "Neumeier, Lars"]
[Result "0-1"]
[WhiteElo "2070"]
[BlackElo "2281"]
[PlyCount "48"]
[EventDate "2010.08.05"]

1. d4 Nf6 2. g3 e6 3. Bg2 d5 4. Nf3 c5 5. O-O Nc6 6. c3 Bd6 7. Re1 O-O 8. dxc5
Bxc5 9. Nbd2 Re8 10. e4 Qb6 11. Qe2 dxe4 12. Ng5 e3 13. fxe3 h6 14. Nge4 Nxe4
15. Nxe4 Be7 16. Nf2 Bd7 17. e4 Ne5 18. b4 a5 19. Be3 Qb5 20. Qxb5 Bxb5 21. a4
Bc4 22. b5 Rad8 23. Bb6 Rd2 24. Bxa5 Bc5 0-1

[Event "Olomouc 2010 - Open Olomouc"]
[Site "Olomouc (CZE), Hotel Sigma"]
[Date "2010.08.08"]
[Round "4.16"]
[White "Navratilik, Pavel"]
[Black "Stachanczyk, Jacek"]
[Result "0-1"]
[WhiteElo "2159"]
[BlackElo "2267"]
[PlyCount "80"]
[EventDate "2010.08.05"]

1. d4 d5 2. c4 c6 3. Nc3 dxc4 4. Nf3 Nf6 5. a4 Nbd7 6. e4 e5 7. dxe5 Ng4 8. Bf4
Bc5 9. Bg3 Qe7 10. Bh4 f6 11. exf6 Ndxf6 12. Bxc4 Bd7 13. O-O O-O-O 14. Qb3 h6
15. Rae1 g5 16. Bg3 Nh5 17. e5 Nxg3 18. hxg3 Bf5 19. a5 Rhf8 20. Na4 Bxf2+ 21.
Rxf2 Nxf2 22. Kxf2 g4 23. a6 b6 24. Nxb6+ axb6 25. Qxb6 Qc7 26. Qc5 gxf3 27. a7
Kb7 28. e6 Rd2+ 29. Ke3 Rd6 30. a8=Q+ Rxa8 31. Qxf5 fxg2 32. Kf3 Rd4 33. Bd3
Rg8 34. g4 Rdxg4 35. Rg1 Qg3+ 36. Ke2 Rf4 37. Ba6+ Kxa6 38. Qc5 Qf3+ 39. Kd2
Qf2+ 40. Qxf2 Rxf2+ 0-1

[Event "Olomouc 2010 - Open Olomouc"]
[Site "Olomouc (CZE), Hotel Sigma"]
[Date "2010.08.08"]
[Round "4.17"]
[White "Ptacnikova, Lenka"]
[Black "Kobus, Sebastian"]
[Result "1-0"]
[WhiteElo "2262"]
[BlackElo "2080"]
[PlyCount "49"]
[EventDate "2010.08.05"]

1. Nf3 Nf6 2. g3 d5 3. Bg2 c5 4. O-O e6 5. d3 Be7 6. Nbd2 b6 7. e4 dxe4 8. dxe4
Bb7 9. Qe2 O-O 10. Rd1 Qc7 11. e5 Nfd7 12. Nc4 Nc6 13. Bf4 b5 14. Nd6 Bxd6 15.
Rxd6 a6 16. Qd3 Nb6 17. Ng5 g6 18. Ne4 Nb4 19. Nf6+ Kh8 20. Qd1 Bxg2 21. Qg4
N4d5 22. Qh4 h5 23. Qg5 Nxf6 24. exf6 Kh7 25. Qh6+ 1-0

[Event "Olomouc 2010 - Open Olomouc"]
[Site "Olomouc (CZE), Hotel Sigma"]
[Date "2010.08.08"]
[Round "4.18"]
[White "Ageichenko, Gennady"]
[Black "Ortoft, Kai"]
[Result "1-0"]
[WhiteElo "2402"]
[BlackElo "2042"]
[PlyCount "73"]
[EventDate "2010.08.05"]

1. d4 Nf6 2. c4 e6 3. Nf3 Bb4+ 4. Bd2 Qe7 5. Nc3 O-O 6. g3 d6 7. a3 Bxc3 8.
Bxc3 Ne4 9. Qc2 f5 10. Bg2 Nd7 11. O-O Nxc3 12. Qxc3 e5 13. dxe5 dxe5 14. Rad1
c6 15. e4 f4 16. b4 b6 17. Rfe1 Re8 18. gxf4 exf4 19. e5 Bb7 20. Qd2 Nf8 21.
Qxf4 Ne6 22. Qg4 c5 23. Rd6 Rad8 24. bxc5 bxc5 25. Red1 Bxf3 26. Bxf3 Nd4 27.
Bd5+ Kh8 28. Rxd8 Rxd8 29. f4 Rf8 30. Rb1 g6 31. Rb7 Qd8 32. Kh1 Qa5 33. Qh4 h5
34. Rh7+ Kxh7 35. Qe7+ Kh6 36. Qxf8+ Kh7 37. Qg8+ 1-0

[Event "Olomouc 2010 - Open Olomouc"]
[Site "Olomouc (CZE), Hotel Sigma"]
[Date "2010.08.08"]
[Round "4.20"]
[White "Tolstikh, Nikolai"]
[Black "Jelen, Janusz"]
[Result "1-0"]
[WhiteElo "2387"]
[BlackElo "2021"]
[PlyCount "79"]
[EventDate "2010.08.05"]

1. Nf3 d5 2. d4 Nf6 3. c4 Bg4 4. Ne5 dxc4 5. Nxg4 Nxg4 6. e4 Nf6 7. Nc3 e6 8.
Bxc4 Bb4 9. e5 Nd5 10. Qd3 Nc6 11. a3 Bxc3+ 12. bxc3 a6 13. Qg3 g6 14. O-O Nce7
15. Qf3 Qd7 16. Bd2 Qc6 17. Bd3 Nb6 18. Qe2 Qd7 19. Rfb1 Rd8 20. Be4 Qc8 21.
Bg5 Rd7 22. Qf3 Ned5 23. Bf6 Rg8 24. Bg5 c5 25. Bxd5 Nxd5 26. c4 Ne7 27. dxc5
Nc6 28. Bf6 Qc7 29. Qe3 g5 30. Rd1 Rg6 31. Rd6 Rxd6 32. cxd6 Qa5 33. Rb1 Rxf6
34. exf6 Nd8 35. c5 Qa4 36. Qxg5 Qxa3 37. Qg8+ Kd7 38. Qf8 Qxc5 39. Qe7+ Kc8
40. d7+ 1-0

[Event "Olomouc 2010 - Open Olomouc"]
[Site "Olomouc (CZE), Hotel Sigma"]
[Date "2010.08.08"]
[Round "5.1"]
[White "Castaldo, Folco"]
[Black "Pozin, Sergey"]
[Result "1-0"]
[WhiteElo "2403"]
[BlackElo "2414"]
[PlyCount "57"]
[EventDate "2010.08.05"]

1. e4 c5 2. Nc3 e6 3. f4 d5 4. Nf3 dxe4 5. Nxe4 Be7 6. d4 cxd4 7. Qxd4 Qxd4 8.
Nxd4 a6 9. Be3 Nf6 10. Nxf6+ Bxf6 11. Be2 Nd7 12. O-O-O Nc5 13. Nf5 b6 14. Nd6+
Ke7 15. Nc4 Rb8 16. c3 Na4 17. Nd6 b5 18. Bf3 Rd8 19. Ba7 Bd7 20. Nxf7 b4 21.
Nxd8 Rxd8 22. Bd4 bxc3 23. Bxf6+ gxf6 24. b3 Nc5 25. Rhe1 Rc8 26. Re3 a5 27.
Kc2 e5 28. Rxc3 e4 29. Rxd7+ 1-0

[Event "Olomouc 2010 - Open Olomouc"]
[Site "Olomouc (CZE), Hotel Sigma"]
[Date "2010.08.08"]
[Round "5.2"]
[White "Juptner, Jan"]
[Black "Zilka, Stepan"]
[Result "1/2-1/2"]
[WhiteElo "2283"]
[BlackElo "2493"]
[PlyCount "31"]
[EventDate "2010.08.05"]

1. d4 d5 2. c4 c6 3. Nf3 Nf6 4. Nc3 e6 5. Bg5 h6 6. Bxf6 Qxf6 7. e3 Nd7 8. Bd3
dxc4 9. Bxc4 g6 10. O-O Bg7 11. e4 e5 12. d5 Nb6 13. Bb3 Bg4 14. dxc6 bxc6 15.
Rc1 h5 16. Na4 1/2-1/2

[Event "Olomouc 2010 - Open Olomouc"]
[Site "Olomouc (CZE), Hotel Sigma"]
[Date "2010.08.08"]
[Round "5.3"]
[White "Jasny, Stanislav"]
[Black "Krejci-Sen., Jan"]
[Result "1-0"]
[WhiteElo "2323"]
[BlackElo "2164"]
[PlyCount "61"]
[EventDate "2010.08.05"]

1. e4 e5 2. Nf3 Nf6 3. Nxe5 d6 4. Nf3 Nxe4 5. d4 d5 6. Bd3 Nc6 7. O-O Be7 8.
Re1 Bg4 9. c4 Nf6 10. Nc3 dxc4 11. Bxc4 O-O 12. d5 Nb8 13. h3 Bh5 14. g4 Bg6
15. Ne5 Nbd7 16. Nxg6 hxg6 17. Bf4 Nb6 18. Bb3 Bb4 19. Qf3 Qd7 20. Be5 Ne8 21.
Rad1 Nd6 22. Qf4 Bc5 23. Ne2 g5 24. Qc1 Ne4 25. Nd4 Bxd4 26. Rxd4 Nd6 27. Bxg7
Kxg7 28. Qxg5+ Kh8 29. Qf6+ Kg8 30. Re5 Rfe8 31. Rh5 1-0

[Event "Olomouc 2010 - Open Olomouc"]
[Site "Olomouc (CZE), Hotel Sigma"]
[Date "2010.08.08"]
[Round "5.4"]
[White "Freyberg, Dominic"]
[Black "Groetz, Harald"]
[Result "1/2-1/2"]
[WhiteElo "2202"]
[BlackElo "2315"]
[PlyCount "69"]
[EventDate "2010.08.05"]

1. e4 c5 2. Nc3 a6 3. f4 b5 4. Nf3 Bb7 5. d3 e6 6. g3 d5 7. Bg2 b4 8. Ne2 dxe4
9. Ng5 exd3 10. Bxb7 Ra7 11. Be4 dxe2 12. Qxd8+ Kxd8 13. Nxh7 Bd6 14. Ng5 Ke7
15. Be3 Nd7 16. Kxe2 f6 17. Nf3 Rc7 18. Nh4 Nf8 19. f5 Be5 20. c3 bxc3 21. bxc3
Bxc3 22. Rac1 Bb4 23. fxe6 Rxh4 24. gxh4 Nxe6 25. Rhg1 Nh6 26. Rxg7+ Nxg7 27.
Bxh6 Ne6 28. Be3 Rd7 29. h5 Nd4+ 30. Kf2 f5 31. Bg5+ Ke8 32. Bd3 Ne6 33. Bxa6
Nxg5 34. Bb5 Ke7 35. Bxd7 1/2-1/2

[Event "Olomouc 2010 - Open Olomouc"]
[Site "Olomouc (CZE), Hotel Sigma"]
[Date "2010.08.08"]
[Round "5.7"]
[White "Johansson, Jan"]
[Black "Zakharchenko, Arnold"]
[Result "1/2-1/2"]
[WhiteElo "2428"]
[BlackElo "2224"]
[PlyCount "79"]
[EventDate "2010.08.05"]

1. e4 c6 2. d4 d5 3. e5 c5 4. dxc5 Nc6 5. f4 e6 6. Be3 d4 7. Bf2 Bxc5 8. Nd2
Nge7 9. Ngf3 Nd5 10. g3 Qa5 11. Bd3 Bd7 12. a3 Ne3 13. Qc1 Bb6 14. Ke2 f6 15.
Bxe3 dxe3 16. Nc4 Qc5 17. Nxb6 Qxb6 18. Qxe3 fxe5 19. Qxb6 axb6 20. Nxe5 Nxe5
21. fxe5 Ra5 22. Kd2 Rxe5 23. Rhf1 Ke7 24. Rf4 Rf8 25. Raf1 Rxf4 26. Rxf4 h6
27. Rb4 b5 28. Rd4 Bc6 29. Kc3 Rh5 30. h4 Re5 31. Kb4 b6 32. Kc3 g5 33. Kd2 Rc5
34. Ke3 Re5+ 35. Kf2 Rc5 36. Rb4 Kf6 37. a4 bxa4 38. Rxb6 Be8 39. Ke3 Ra5 40.
Bc4 1/2-1/2

[Event "Olomouc 2010 - Open Olomouc"]
[Site "Olomouc (CZE), Hotel Sigma"]
[Date "2010.08.08"]
[Round "5.8"]
[White "Vorobyov, Yrij"]
[Black "Ageichenko, Gennady"]
[Result "1/2-1/2"]
[WhiteElo "2210"]
[BlackElo "2402"]
[PlyCount "20"]
[EventDate "2010.08.05"]

1. e4 e5 2. Nf3 Nf6 3. Nxe5 d6 4. Nf3 Nxe4 5. Qe2 Qe7 6. d3 Nf6 7. Bg5 Nbd7 8.
Nc3 Qxe2+ 9. Bxe2 c6 10. O-O Be7 1/2-1/2

[Event "Olomouc 2010 - Open Olomouc"]
[Site "Olomouc (CZE), Hotel Sigma"]
[Date "2010.08.08"]
[Round "5.9"]
[White "Gorbatov, Alexey"]
[Black "Suder, Ryszard"]
[Result "1-0"]
[WhiteElo "2390"]
[BlackElo "2210"]
[PlyCount "81"]
[EventDate "2010.08.05"]

1. e4 d6 2. d4 Nf6 3. Nc3 g6 4. g3 Bg7 5. Bg2 O-O 6. Nge2 e5 7. O-O Nc6 8. d5
Ne7 9. h3 Nd7 10. Be3 f5 11. Qd2 Nf6 12. f3 c6 13. a4 cxd5 14. Nxd5 Nexd5 15.
exd5 Bd7 16. c4 Qe7 17. Rfe1 Rfc8 18. b3 Nh5 19. Rac1 Qf7 20. g4 f4 21. Bf2 Nf6
22. Nc3 g5 23. Bf1 h5 24. Ne4 Nxe4 25. Rxe4 Qf6 26. Bd3 hxg4 27. hxg4 Kf7 28.
Ree1 Rh8 29. Kg2 Rh6 30. Rh1 Rxh1 31. Rxh1 b6 32. a5 bxa5 33. Qxa5 a6 34. Qc7
Qe7 35. Be4 Be8 36. Qxe7+ Kxe7 37. c5 Rb8 38. c6 Rxb3 39. Ra1 Kd8 40. Rxa6 Kc8
41. Ra8+ 1-0

[Event "Olomouc 2010 - Open Olomouc"]
[Site "Olomouc (CZE), Hotel Sigma"]
[Date "2010.08.08"]
[Round "5.10"]
[White "Oresky, Jan"]
[Black "Tolstikh, Nikolai"]
[Result "1/2-1/2"]
[WhiteElo "2209"]
[BlackElo "2387"]
[PlyCount "79"]
[EventDate "2010.08.05"]

1. e4 c5 2. Nf3 Nc6 3. d4 cxd4 4. Nxd4 g6 5. Nc3 Bg7 6. Be3 Nf6 7. Bc4 Qa5 8.
O-O O-O 9. Bb3 d6 10. h3 Bd7 11. f4 a6 12. Nf3 Qc7 13. Qd2 b5 14. Rae1 b4 15.
Nd5 Nxd5 16. exd5 Na5 17. Bd4 Bb5 18. Bxg7 Kxg7 19. Qd4+ Kg8 20. Rf2 Qc5 21. f5
Qxd4 22. Nxd4 Ra7 23. Nxb5 axb5 24. Re4 Nc4 25. Bxc4 bxc4 26. Rxc4 Rb8 27. f6
Kf8 28. fxe7+ Kxe7 29. Re2+ Kf8 30. Rc6 Rxa2 31. b3 Rb5 32. c4 Rxe2 33. cxb5
Ke7 34. b6 Kd7 35. Kf1 Re5 36. Rc7+ Kd8 37. Rc6 Kd7 38. Rc7+ Kd8 39. Rc6 Kd7
40. Rc7+ 1/2-1/2

[Event "Olomouc 2010 - Open Olomouc"]
[Site "Olomouc (CZE), Hotel Sigma"]
[Date "2010.08.08"]
[Round "5.11"]
[White "Nguyen, Piotr"]
[Black "Libov, Gennady"]
[Result "1-0"]
[WhiteElo "2372"]
[BlackElo "2203"]
[PlyCount "61"]
[EventDate "2010.08.05"]

1. f4 d5 2. Nf3 g6 3. g3 Bg7 4. Bg2 c6 5. Nc3 Nd7 6. O-O Ngf6 7. d3 Qb6+ 8. Kh1
O-O 9. e4 dxe4 10. dxe4 e5 11. f5 Qc7 12. Nh4 b5 13. a3 Nb6 14. g4 Rd8 15. Qf3
Ne8 16. Rf2 Ba6 17. Bh3 c5 18. g5 Rd6 19. Be3 Rad8 20. fxg6 hxg6 21. b4 cxb4
22. Bxb6 Qxc3 23. Qxc3 bxc3 24. Bxd8 Rxd8 25. Nxg6 fxg6 26. Be6+ Kh7 27. Rf3
Bh8 28. Rh3+ Kg7 29. Rf1 Nd6 30. Rxc3 Nf5 31. Rc7+ 1-0

[Event "Olomouc 2010 - Open Olomouc"]
[Site "Olomouc (CZE), Hotel Sigma"]
[Date "2010.08.08"]
[Round "5.12"]
[White "Mariano, Elia"]
[Black "Krapivin, Vladislav"]
[Result "1/2-1/2"]
[WhiteElo "2200"]
[BlackElo "2362"]
[PlyCount "82"]
[EventDate "2010.08.05"]

1. d4 Nf6 2. c4 d6 3. Nc3 Nbd7 4. e4 e5 5. d5 Be7 6. Nf3 O-O 7. Be2 c6 8. O-O
a6 9. b4 Qc7 10. Bb2 cxd5 11. Nxd5 Nxd5 12. cxd5 b5 13. a4 bxa4 14. Qxa4 Nf6
15. Nd2 Bd7 16. Qb3 Qb7 17. Rfb1 Rfb8 18. Bc1 Bb5 19. Qe3 Rc8 20. Bxb5 Qxb5 21.
Ra5 Qb7 22. Qd3 Bd8 23. Raa1 Qb5 24. Qxb5 axb5 25. Rxa8 Rxa8 26. f3 Bb6+ 27.
Kf1 Ra4 28. Rb3 h5 29. Bb2 Ne8 30. Nb1 Nc7 31. Nc3 Ra8 32. Ra3 Bd4 33. Rxa8+
Nxa8 34. Nd1 Bb6 35. Nc3 Nc7 36. Ke2 Bd4 37. Nd1 Bg1 38. h3 Na6 39. Bc3 g6 40.
Bd2 Bd4 41. Bc3 Bb6 1/2-1/2

[Event "Olomouc 2010 - Open Olomouc"]
[Site "Olomouc (CZE), Hotel Sigma"]
[Date "2010.08.08"]
[Round "5.13"]
[White "Malinovsky-Jun., Karel"]
[Black "Mackowiak, Marek"]
[Result "1-0"]
[WhiteElo "2348"]
[BlackElo "2194"]
[PlyCount "111"]
[EventDate "2010.08.05"]

1. e4 e5 2. Nf3 d6 3. d4 exd4 4. Nxd4 g6 5. g3 Bg7 6. Bg2 Nf6 7. h3 O-O 8. O-O
Re8 9. Nc3 Bd7 10. Be3 Nc6 11. Nde2 Ne5 12. b3 a6 13. a4 Rb8 14. a5 h6 15. Qd2
Bxh3 16. Bxh6 Qd7 17. f3 Kh7 18. Bxg7 Kxg7 19. Nf4 Bxg2 20. Kxg2 Rh8 21. Rh1 c6
22. Rad1 Rxh1 23. Rxh1 Rh8 24. Rxh8 Kxh8 25. Qd4 Kg7 26. Na4 g5 27. Nb6 Qe8 28.
Nd3 g4 29. Nxe5 dxe5 30. Qe3 gxf3+ 31. Qxf3 Qe6 32. Nc4 Ne8 33. Qh5 f6 34. Ne3
Nd6 35. Kf3 Qd7 36. c4 c5 37. Nd5 Nf7 38. Ke2 Ng5 39. Nxf6 Kxf6 40. Qh6+ Kf7
41. Qxg5 Qd4 42. Qe3 Qa1 43. Qxc5 Kg6 44. Qd6+ Kh5 45. Qd1 Qxa5 46. Qh1+ Kg6
47. Qf3 Qa1 48. Qf5+ Kh6 49. Qf6+ Kh5 50. Qh8+ Kg5 51. Qg7+ Kh5 52. Qxb7 Kg4
53. Qd7+ Kxg3 54. Qd1 Qb2+ 55. Qd2 Qa1 56. Qe1+ 1-0

[Event "Olomouc 2010 - Open Olomouc"]
[Site "Olomouc (CZE), Hotel Sigma"]
[Date "2010.08.08"]
[Round "5.15"]
[White "Schmid, Thomas"]
[Black "Kratochvil, Josef"]
[Result "1-0"]
[WhiteElo "2166"]
[BlackElo "2289"]
[PlyCount "75"]
[EventDate "2010.08.05"]

1. e4 c5 2. Nf3 e6 3. b3 Nc6 4. Bb2 Nge7 5. d4 cxd4 6. Nxd4 Nxd4 7. Qxd4 Nc6 8.
Qd2 Bb4 9. Nc3 O-O 10. a3 Be7 11. f4 d6 12. O-O-O a6 13. Kb1 b5 14. Qe3 Qc7 15.
Qg3 g6 16. h4 h6 17. f5 Kh7 18. h5 g5 19. f6 Bxf6 20. Nd5 exd5 21. Bxf6 Ne5 22.
Rxd5 Be6 23. Rxe5 dxe5 24. Bxe5 Qc6 25. Bd3 f5 26. exf5 Bd5 27. f6+ Kg8 28. Bg6
Bf7 29. Qd3 Qe6 30. Bxf7+ Rxf7 31. Qg6+ Kf8 32. Qxh6+ Ke8 33. Qxg5 Kd7 34. Rd1+
Kc8 35. Rd6 Qe8 36. Qf5+ Kb7 37. Qe4+ Ka7 38. Bd4+ 1-0

[Event "Olomouc 2010 - Open Olomouc"]
[Site "Olomouc (CZE), Hotel Sigma"]
[Date "2010.08.08"]
[Round "5.18"]
[White "Cajbel, Maciej"]
[Black "Spanton, Tim"]
[Result "1-0"]
[WhiteElo "2241"]
[BlackElo "2057"]
[PlyCount "53"]
[EventDate "2010.08.05"]

1. e4 c5 2. Nc3 g6 3. f4 Bg7 4. Nf3 Nc6 5. Bc4 e6 6. O-O Nge7 7. Qe1 O-O 8. d3
d5 9. Bb3 Rb8 10. a4 Nd4 11. Nxd4 cxd4 12. Ne2 dxe4 13. dxe4 d3 14. Nc3 dxc2
15. Bxc2 Qb6+ 16. Kh1 Nc6 17. a5 Qa6 18. e5 Nb4 19. Be4 Nd3 20. Bxd3 Qxd3 21.
Rf3 Qa6 22. Ne4 Rd8 23. Be3 Bd7 24. Qh4 Bc6 25. Nf6+ Bxf6 26. exf6 Bxf3 27. Qh6
1-0

[Event "Olomouc 2010 - Open Olomouc"]
[Site "Olomouc (CZE), Hotel Sigma"]
[Date "2010.08.08"]
[Round "5.19"]
[White "Cagasik, Tomas"]
[Black "Weber, Martin"]
[Result "1-0"]
[WhiteElo "2238"]
[BlackElo "2136"]
[PlyCount "39"]
[EventDate "2010.08.05"]

1. e4 e6 2. d4 d5 3. Bd3 dxe4 4. Bxe4 Nf6 5. Bf3 c5 6. Ne2 Nc6 7. c3 Be7 8. O-O
O-O 9. Be3 cxd4 10. cxd4 Nd5 11. Bxd5 Qxd5 12. Nbc3 Qh5 13. Ng3 Qh4 14. Qh5
Qxh5 15. Nxh5 e5 16. dxe5 Nxe5 17. Bd4 Bd6 18. Ne4 Bb8 19. f4 Bg4 20. Nef6+ 1-0

[Event "Olomouc 2010 - Open Olomouc"]
[Site "Olomouc (CZE), Hotel Sigma"]
[Date "2010.08.09"]
[Round "6.1"]
[White "Sponheim, Olaf"]
[Black "Castaldo, Folco"]
[Result "0-1"]
[WhiteElo "2281"]
[BlackElo "2403"]
[PlyCount "68"]
[EventDate "2010.08.05"]

1. d4 f5 2. Bg5 h6 3. Bh4 g5 4. e4 Bg7 5. Bg3 fxe4 6. Nc3 d5 7. f3 Nf6 8. fxe4
dxe4 9. Be5 Nc6 10. Bb5 O-O 11. Bxc6 bxc6 12. Qe2 Qe8 13. O-O-O Bg4 14. Qc4+
Qf7 15. Qxf7+ Rxf7 16. Re1 Raf8 17. h3 Bf5 18. g4 Bg6 19. Bxc7 Nd5 20. Nxd5
cxd5 21. Ne2 Rf2 22. Bg3 R2f3 23. h4 Re3 24. hxg5 hxg5 25. Kd2 Ref3 26. Rhg1
Rc8 27. Kc1 e3 28. c3 Bd3 29. Kd1 Rf2 30. Rh1 Rg2 31. Rh3 Rf8 32. a4 Rf3 33.
Rh2 Bxe2+ 34. Rxe2 Rgxg3 0-1

[Event "Olomouc 2010 - Open Olomouc"]
[Site "Olomouc (CZE), Hotel Sigma"]
[Date "2010.08.09"]
[Round "6.2"]
[White "Ptacnikova, Lenka"]
[Black "Juptner, Jan"]
[Result "1/2-1/2"]
[WhiteElo "2262"]
[BlackElo "2283"]
[PlyCount "38"]
[EventDate "2010.08.05"]

1. Nf3 Nf6 2. g3 g6 3. Bg2 Bg7 4. O-O c5 5. c4 Nc6 6. d4 cxd4 7. Nxd4 O-O 8.
Nc2 d6 9. Nc3 Nd7 10. Bd2 a5 11. Rb1 Nc5 12. Ne3 Nd4 13. Ned5 e6 14. Nf4 Qe7
15. e3 Nc6 16. Qe2 Bd7 17. Rfd1 Ne5 18. e4 Bc6 19. Nb5 Rfd8 1/2-1/2